Reúso del efluente tratado del proceso de lavado de prendas textiles de lona, (Registro nro. 2501)

Detalles MARC
000 -LEADER
campo de control de longitud fija 02439nam a22003617a 4500
001 - NÚMERO DE CONTROL
campo de control 42835
003 - IDENTIFICADOR DE NÚMERO DE CONTROL
campo de control gtgccic
005 - FECHA Y HORA DE LA ÚLTIMA TRANSACCIÓN
campo de control 20251106115523.0
007 - CAMPO FIJO DE DESCRIPCIÓN FÍSICA--INFORMACIÓN GENERAL
campo de control de longitud fija ta
008 - DATOS DE LONGITUD FIJA--INFORMACIÓN GENERAL
campo de control de longitud fija 251106b gt ||||| |||| 00| 0 spa d
040 ## - FUENTE DE CATALOGACIÓN
Centro catalogador/agencia de origen gtgccic
Lengua de catalogación spa
Centro/agencia transcriptor gtgccic
Normas de descripción rda
084 ## - OTRO NÚMERO DE CLASIFICACIÓN
Número de control del registro de autoridad o número normalizado TPI-16-0101
100 10 - ENTRADA PRINCIPAL--NOMBRE DE PERSONA
Nombre de persona Diego Silva Linares
Fechas asociadas al nombre Ingeniero Químico
Término indicativo de función/relación autor
245 10 - MENCIÓN DEL TÍTULO
Título Reúso del efluente tratado del proceso de lavado de prendas textiles de lona,
Resto del título para mitigar la huella ambiental en una planta de producción en Guatemala /
Mención de responsabilidad, etc. Silva Linares, Diego
264 #1 - PRODUCCIÓN, PUBLICACIÓN, DISTRIBUCIÓN, FABRICACIÓN Y COPYRIGHT
Producción, publicación, distribución, fabricación y copyright Guatemala, Guatemala :
Nombre del de productor, editor, distribuidor, fabricante USAC, Facultad de Ingeniería ;
Fecha de producción, publicación, distribución, fabricación o copyright 2016.-
300 ## - DESCRIPCIÓN FÍSICA
Extensión LII, 84 p. :
Otras características físicas il. ;
Dimensiones 27 cm
336 ## - TIPO DE CONTENIDO
Fuente rdacontenido
Término de tipo de contenido Texto
Código de tipo de contenido txt
337 ## - TIPO DE MEDIO
Fuente rdamedio
Nombre/término del tipo de medio sin mediación
Código del tipo de medio n
338 ## - TIPO DE SOPORTE
Fuente rdasoporte
Nombre/término del tipo de soporte volumen
Código del tipo de soporte nc
502 ## - NOTA DE TESIS
Nota de tesis Tesis Postgrado
Tipo de título MAESTRO EN ENERGÍA Y AMBIENTE
Nombre de la institución que otorga el título USAC, Facultad de Ingeniería, Escuela de Postgrado
Año de obtención del título 2016
Identificador de la tesis TPI-16-0101
504 ## - NOTA DE BIBLIOGRAFÍA, ETC.
Nota de bibliografía, etc. Nota Bibliografía pag. 69
505 ## - NOTA DE CONTENIDO CON FORMATO
Título MARCO TEÓRICO (impacto ambiental)
505 ## - NOTA DE CONTENIDO CON FORMATO
Título 2. METODOLOGÍA
505 ## - NOTA DE CONTENIDO CON FORMATO
Título 3. RESULTADOS
505 ## - NOTA DE CONTENIDO CON FORMATO
Título 4. DISCUSIÓN DE RESULTADOS
520 #3 - RESUMEN, ETC.
Sumario, etc. A nivel de huella ambiental, las textileras son orgnizaciones industriales que pueden generar muchos residuos y descargas, los cuales con un buen proceso de tratamiento se pueden obtener nuevos subproductos de posible reutilización que permitan reducir su impacto en la huella producida.<br/>Una de las etapas que genera mayor cantidad de emisiones es la etapa de lavandería, ya que el consumo que se tiene de agua es alto y su calidad se ve alterada de manera constante. Para mitigar parte de la huella ambiental que se genera, las empresas optan por usar sistemas de tratamiento de aguas residuales especiales. Sin embargo, otra parte importante es la generación de técnicas operativas innovadoras para su posterior uso. A partir del efluente generado por un sistema de tratamiento de una empresa de manufactura de textiles de lona, la oportunidad de reutilizar el flujo de agua tratada dentro del mismo proceso de lavandería, garantizando reducir de una forma más innovadora la huella ambiental que se produce por el efluente descargado al sistema del alcantarillado y de las prendas lavadas durante el proceso.
650 ## - PUNTO DE ACCESO ADICIONAL DE MATERIA--TÉRMINO DE MATERIA
Término de materia o nombre geográfico como elemento de entrada PRODUCTOS TEXTILES
650 ## - PUNTO DE ACCESO ADICIONAL DE MATERIA--TÉRMINO DE MATERIA
Término de materia o nombre geográfico como elemento de entrada IMPACTO AMBIENTAL
650 ## - PUNTO DE ACCESO ADICIONAL DE MATERIA--TÉRMINO DE MATERIA
Término de materia o nombre geográfico como elemento de entrada PRODUCCIÓN
700 ## - ENTRADA AGREGADA--NOMBRE PERSONAL
Nombre de persona MBA ING.(A). Marco Antonio García
Término indicativo de función/relación asesor
942 ## - ELEMENTOS DE ENTRADA SECUNDARIOS (KOHA)
Fuente de la clasificación o esquema de estantería Clasificación Decimal Dewey
Tipo de ítem Koha TESISPOSTGRADO
945 ## - PROCESAMIENTO DE INFORMACIÓN LOCAL (OCLC)
a amlo
Existencias
Estatus retirado Estado de pérdida Fuente de la clasificación o esquema de estantería Estado de daño No para préstamo Biblioteca de origen Biblioteca actual Fecha de adquisición Número de inventario Total de préstamos Signatura topográfica completa Código de barras Visto por última vez Precio de reemplazo Tipo de ítem Koha Nota pública
    Clasificación Decimal Dewey     CENTRO DE INFORMACIÓN A LA CONSTRUCCIÓN-CICON CENTRO DE INFORMACIÓN A LA CONSTRUCCIÓN-CICON 06/11/2025 P20160101   TPI-16-0101 20160101 06/11/2025 06/11/2025 TESISPOSTGRADO disponible